000
00197nam a2200097Ia 4500
008
240331s9999 xx 000 0 und d
082
_b
WIJ
100
_a
Wijeratne, D
245
2
_a
A fast
942
_c
L
999
_c
3023
_d
3023